000 00155nam a22000857a 4500
082 _a823
100 _aMOHAUBHAI S P
245 _aGRANDPAS STORIES
942 _cBK
999 _c8304
_d8304